Agents of innocence
| Main Author: | |
|---|---|
| Format: | Book |
| Published: |
London :
W.H.Allen ,
1988
|
| Subjects: |
MARC
| LEADER | 00000cam a2200000 7i4500 | ||
|---|---|---|---|
| 001 | 0000004669 | ||
| 002 | 000005037 | ||
| 005 | 20011025.0 | ||
| 020 | |a 049103038X | ||
| 090 | 0 | 0 | |a F |b IGN |
| 100 | 1 | |a Ignatius, David | |
| 245 | 1 | 0 | |a Agents of innocence |c David Ignatius |
| 260 | |a London : |b W.H.Allen , |c 1988 | ||
| 300 | |a 400 p. : |b 24 cm | ||
| 650 | 0 | 0 | |a Crime and detection fiction |
| 999 | |a 032709 |b BUKU |c PINJAMAN |e PERPUSTAKAAN KOMUNITI CAW KOTA DAMANSARA | ||
| 999 | |a 032710 |b BUKU |c PINJAMAN |e PERPUSTAKAAN KOMUNITI CAW KOTA DAMANSARA | ||